Statystyki dla Polska Kadra Mundial 2006

Kliknij tutaj aby rozwiązać quiz!

Ogólne statystyki

  • Ten quiz został rozwiązany 442 razy
  • Średni wynik to 13 z 23

Statystyki odpowiedzi

PozycjaZawodnik% Poprawnych
BramkarzArtur Boruc
97%
BramkarzŁukasz Fabiański
80%
PomocnikEuzebiusz Smolarek
79%
PomocnikJacek Krzynówek
78%
NapastnikMaciej Żurawski
78%
ObrońcaMichał Żewłakow
75%
ObrońcaJacek Bąk
72%
PomocnikMariusz Lewandowski
72%
NapastnikPaweł Brożek
61%
BamkarzTamasz Kuszczak
60%
ObrońcaBartosz Bosacki
56%
ObrońcaDariusz Dudka
55%
NapastnikIreneusz Jeleń
55%
ObrońcaMariusz Jop
54%
PomocnikKamil Kosowski
48%
NapastnikGrzegorz Rasiak
47%
ObrońcaMarcin Baszczyński
46%
PomocnikMirosław Szymkowiak
46%
PomocnikRadosław Sobolewski
45%
PomocnikSebastian Mila
38%
PomocnikArkadiusz Radomski
27%
PomocnikPiotr Giza
23%
ObrońcaSeweryn Gancarczyk
17%

Rozkład punktacji

Percentyl według liczby udzielonych odpowiedzi

Procent ludzi z każdym wynikiem

Twoja historia wyników

Nie rozwiązałeś tego quizu